000
00269nam a2200109 4500
008
160624b xxu||||| |||| 00| 0 eng d
100
_9
920
_a
Baez, K.H
245
_a
Samuel Morris
260
_a
Ohio
_b
Barbour Pub.Inc.
_c
MCMXVC
300
_a
Samuel Morris
942
_2
ddc
_c
BK
999
_c
731
_d
731